000 00595cam a2200241 4500
001 J420
008 090401t1991 xxu||||| |||| 00| 0 eng d
035 _a(Sirsi) u74857
041 _aeng
050 _a711.552
110 _aChesterton
_92357
245 _aFood stores: a taste of the future.
260 _aLondon
_bChesterton
_c1991
300 _a32p. ; 30cm.
350 _a55
650 _aDEVELOPMENT
650 _aFORECASTS
650 _aPLANNING APPEALS
650 _aSUPERSTORES
690 _aPROPERTY-COMMERCIAL PROPERTY-RETAIL PROPERTY
942 _n0
948 _c04/03/1997
999 _c95931
_d95931